000 01013nas a2200301 4500
001 BR2014002721
003 BR-BrBNA
005 20231205123943.0
007 ta
008 230509b bl.|||p| |||| 00| 00por d
040 _aBR-BrBNA
_bpor
_cBiblioteca Nacional de Agricultura
041 _a(Pt)
072 _aP33
100 1 _aSouza Junior, I.G. de
100 1 _aCosta, A.C.S. da
100 1 _aSambatti, J.A.
100 1 _aPeternele, W.S.
100 1 _aTormena, C.A.
100 1 _aMontes, C.R.
100 1 _aClemente, C.A.
245 1 _aContribuição dos constituintes da fração argila de solos subtropicais à área superficial específica e à capacidade de troca catiônica
650 _aQUÍMICA DO SOLO
650 _aCARBONO
773 0 _tRevista Brasileira de Ciência do Solo (Brazil)
_xISSN 0100-0683
_g(Nov-Dec 2007), v. 31(6) p. 1355-1365
_wBR2014002721
856 4 0 _uhttp://www.scielo.br/pdf/rbcs/v31n6/14.pdf
909 _a202311
_bLúcia
_c55
_dLúcia Elande
942 _2AGRIS
_n0
_cANA
999 _c236583
_d236583